000 00882nam a22002777a 4500
001 10015
003 FISKH
005 20260327143522.0
008 260327b cb ||||| |||| 00| 0 eng d
020 _a0663229820
040 _aFISKH
_beng
_cFISKH
_dFISKH
050 _aQ163 .M612
082 _a500
100 _aMilgrom , Harry
245 _aThe wonder of change /
_cby Harry Milgrom : photograph by Bill Sumner
260 _aMassachusetts :
_bGinn and Company ,
_c1972 .
300 _a32 pages :
_bcolor illustrations ;
_c18 cm .
505 _aK
520 _aSimple experiments reveal some of the natural and man-made changes that can be observed around us.
521 8 _a520
_bLexile estimate
521 8 _aK
_bRaz-Plus
650 _aGeneral science
_vNon-fiction
700 _aSumner , Bill
_eIllustrator
942 _2ddc
_cBK
_n0
999 _c10015
_d10015